|
|
|
|
| LEADER |
00000cam a2200000 7i4500 |
| 001 |
0000002480 |
| 005 |
20040622093000.0 |
| 008 |
021118s1982 |
| 090 |
0 |
0 |
|a HF5718.5
|b I577
|
| 110 |
2 |
|
|a Universiti Teknologi Mara
|c Pusat Pembangunan Usahawan Malaysia
|
| 245 |
1 |
0 |
|a Penyediaan kertas kerja pinjaman perniagaan
|
| 260 |
2 |
|
|a Shah Alam, Selangor :
|b Biroteks ITM ,
|c 1982
|
| 300 |
|
|
|a ii, 38 p. ;
|c 21 cm.
|
| 440 |
0 |
0 |
|a Siri panduan usahawan MEDEC
|v bil. 01/81
|
| 650 |
|
0 |
|a Business enterprises
|x Finance
|
| 650 |
|
0 |
|a Business report writing
|
| 999 |
|
|
|a 1000037034
|b Book
|c Reference
|e Gong Badak Campus
|